О проведении обследования работы Сельсоветов и РИКов и изучения их роли в разрешении задач социалистич. переустройства сельского...

Доступно только в Электронных читальных залах Найти на картеНа карте
RUSMARC
00004536nmc2a22002893x 450
001e6063884-a0b3-4268-a1f8-89d1c8673b77
00520230719002343.0
100##$a20230613l19291930k y0rusy50 ca
1010#$arus
$amul
102##$aRU
105##$aa z |||||
1222#$ad19290830
$ad19300918
2001#$aО проведении обследования работы Сельсоветов и РИКов и изучения их роли в разрешении задач социалистич. переустройства сельского хозяйства
$j30.08.1929 - 18.09.1930
215##$a152 листа
$cтабл.
$d37,9 х 25,3
251##$cДело
300##$aЗаголовок дела на папке: О проведении обследования работы Сельсоветов и РИКов и изучения их роли в разрешении задач социалистического переустройства сельского хозяйства
300##$aЛисты: 65, 66, 84 - таблицы большого формата; 121 - вкладка (таблица)
300##$aЧасть текста на языках народов СССР
300##$aЧасть текста машинописная и рукописная, часть - напечатана типографским способом
324##$aВ деле имеются копии отдельных документов
461#0$1001796d4672-8a00-4986-b488-6e42273792cc
$12001
$aЦЕНТРАЛЬНЫЙ ИСПОЛНИТЕЛЬНЫЙ КОМИТЕТ СССР (ЦИК СССР).
$1251
$cФонд
$1852
$gР
$j3316
462#0$10016e6e8ba4-e15f-4ad4-8937-f1e88c150bfe
$12001
$aДела Секретариата Президиума ЦИК Союза ССР. 1929 г.
$vД. 598
$1251
$cОпись
$1852
$j22
5171#$aО проведении обследования работы Сельсоветов и РИКов и изучения их роли в разрешении задач социалистического переустройства сельского хозяйства
60101$3RU\NLR\AUTH\880357276
$aСССР
$bЦИК
801#0$aRU
$bGA_RF
801#1$aRU
$bГлавНИВЦ
$c20230613
$2rusmarc
801#2$aRU
$bПБ им. Б.Н. Ельцина
$c20230719
$gRCR
$2rusmarc
852##$aГА РФ
$j598
937##$d186624787
$hГАРФ
035##$aRuPRLIB51072548
856##$uhttp://readingroom.main.prlib.ru/item.aspx?id_node=n186624787&mode=full
Формат отображения